| 000 | 00376nam a2200169Ia 4500 | ||
|---|---|---|---|
| 003 | IT-RoPAU | ||
| 005 | 20220918175422.0 | ||
| 008 | 120407s9999 xx 000 0 und d | ||
| 040 | _aIT-RoPAU | ||
| 040 | _cIT-RoPAU | ||
| 245 | _aLa Sacra Bibbia - Compendiata e illustrata | ||
| 245 | _cAA.VV. | ||
| 260 | _aRicordi | ||
| 300 | _c cm | ||
| 490 | _v2 | ||
| 942 |
_cBK _2ddc |
||
| 999 |
_c10190 _d10190 |
||